| 000 -ლიდერი |
| ფიქსირებული სიგრძის საკონტროლო ველი |
01354nam a2200289Ia 4500 |
| 001 - საკონტროლო ნომერი |
| საკონტროლო ველი |
4104 |
| 003 - საკონტროლო ნომრის იდენტიფიკატორი |
| საკონტროლო ველი |
GE_BSU |
| 005 - ბოლო ოპერაციის თარიღი და დრო |
| საკონტროლო ველი |
20190925111403.0 |
| 008 - ფიქსირებული სიგრძის მონაცემთა ელემენტები - ზოგადი ინფორმაცია |
| ფიქსირებული სიგრძის საკონტროლო ველი |
181216s1983||||ge |||||||||||||| ||geo|| |
| 040 ## - კატალოგიზაციის წყარო |
| Transcribing agency |
GE_BSU |
| 041 ## - ენის კოდი |
| Language code of text/sound track or separate title |
geo |
| 080 ## - უნივერსალური ათობითი კლასიფიკაციის ინდექსი |
| Universal Decimal Classification number |
39(479.22) კ–92 |
| 100 ## - მთავარი ჩანაწერი - პიროვნების სახელი |
| Personal name |
კურდღელაიძე, გ. |
| 9 (RLIN) |
4305 |
| 245 ## - ცნობა სათაურის შესახებ |
| Title |
თუშეთი : |
| Remainder of title |
მეურნეობა, ბუნება, ტოპონიმიკა / |
| Statement of responsibility, etc |
რედ.: გ. გიგინეიშვილი, გ. ცოცანიძე. |
| 264 ## - წარმოების, გამოცემის, დისტრიბუციის და სხვა ცნობები |
| გამოცემის, წარმოების, დისტრიბუციის... ადგილი |
თბ. : |
| გამოცემის, წარმოების, დისტრიბუციის... სახელწოდება |
მეცნიერება, |
| გამოცემის, წარმოების, დისტრიბუციის... თარიღი |
1983. |
| 300 ## - ფიზიკური აღწერა |
| Extent |
135 გვ.: |
| Other physical details |
ილ. ; |
| Dimensions |
21 სმ. |
| 504 ## - BIBLIOGRAPHY, ETC. NOTE |
| Bibliography, etc |
ბიბლიოგრ.: გვ. 131-136. |
| 520 ## - SUMMARY, ETC. |
| Summary, etc |
რეზ. რუს. ენ. |
| 653 ## - INDEX TERM--UNCONTROLLED |
| Uncontrolled term |
თუშეთი; |
| 653 ## - INDEX TERM--UNCONTROLLED |
| Uncontrolled term |
საქართველოს გეოგრაფია; |
| 653 ## - INDEX TERM--UNCONTROLLED |
| Uncontrolled term |
საქართველოს გეოგრაფიული სახელწოდებები; |
| 653 ## - INDEX TERM--UNCONTROLLED |
| Uncontrolled term |
ქართული წეს-ჩვეულებები; |
| 653 ## - INDEX TERM--UNCONTROLLED |
| Uncontrolled term |
საქართველოს ტოპონიმიკა; |
| 700 ## - ADDED ENTRY--PERSONAL NAME |
| Personal name |
გიგინეიშვილი, გ. |
| Relator term |
რედაქტორი |
| 9 (RLIN) |
4306 |
| 700 ## - ADDED ENTRY--PERSONAL NAME |
| Personal name |
ცოცანიძე, გ. |
| Relator term |
რედაქტორი |
| 9 (RLIN) |
4307 |
| 942 ## - ADDED ENTRY ELEMENTS (KOHA) |
| Koha item type |
წიგნი |
| Source of classification or shelving scheme |
|